[Event "Feuille d'Erable (Open)"]
[Site "Gatineau"]
[Date "2018.11.06"]
[Round "3"]
[White "Danilov Alex"]
[Black "Raymond Daniel"]
[Result "1/2-1/2"]
[BlackElo "1633"]
[EventDate "2018.11.06"]
[WhiteElo "1669"]

1.Nf3 d5 2.d4 e6 3.Bf4 c5 4.e3 Nc6 5.c3 Nf6 6.Nbd2 Be7 7.dxc5 Bxc5 8.Bd3 O-O 9.b4 Bd6 10.Bg5 h6 11.Bh4 Ne5 12.Bc2 Ng6 13.g4 Nxh4 14.Nxh4 Qc7 15.Rc1 Be5 16.f4 Bxc3 17.g5 hxg5 18.fxg5 Qc4 19.Nf3 Ng4 20.Qe2 Qxe2+ 21.Kxe2 Ne5 22.a3 Bd7 23.Nxe5 Bxe5 24.Nf3 Bd6 25.Nd4 Rac8 26.h4 e5 27.Nb3 Bg4+ 28.Kd2 g6 29.Bd1 Rxc1 30.Nxc1 Bxd1 31.Kxd1 Rc8 32.Ne2 Be7 33.Kd2 Rc4 34.Nc3 d4 35.Nd5 dxe3+ 36.Ke2 Kf8 37.Kxe3 Ke8 38.Ke2 Rc2+ 39.Kd3 Ra2 40.Re1 Rxa3+ 41.Kc4 Kd7 42.Rxe5 Bd6 43.Re4 Rf3 44.Nf6+ Kc7 { partie nule, Fritz16w32: } 45.Rd4 Bh2 46.Rd7+ Kc6 47.b5+ Kb6 48.Nd5+ Ka5 49.Rxb7 Bg1 50.Rd7 $11 { fritz confirme la decision des joueurs. } ( 50.Rc7 $11 ) 1/2-1/2

[Event "Feuille d'Erable (Open)"]
[Site "Gatineau"]
[Date "2018.11.06"]
[Round "3"]
[White "Jobin Gilles G."]
[Black "Lavergne Daniel"]
[Result "1-0"]
[BlackElo "1633"]
[EventDate "2018.11.06"]
[WhiteElo "1822"]

1.e4 c5 2.c3 Nf6 3.e5 Nd5 4.d4 e6 5.Nf3 b6 6.c4 Nc7 7.Nc3 cxd4 8.Qxd4 Bb7  9.Ne4 Bxe4 10.Qxe4 Nc6 11.Bd3 f5 12.exf6 Qxf6 13.O-O O-O-O 14.Bg5 Qxb2  15.Rfb1 Qc3 16.Rc1 Qa3 17.Bxd8 Kxd8 18.Rd1 Be7 19.Qe3 Nb4 20.Ne5 Bf6 21.Nf7+  Ke7 22.Nxh8 Bxa1 23.Bxh7 Qxa2 24.Qf4 1-0

[Event "Feuille d'Erable (Open)"]
[Site "Gatineau"]
[Date "2018.11.06"]
[Round "3"]
[White "Laurin Marcel"]
[Black "Azar Sebastien"]
[Result "0-1"]
[BlackElo "1766"]
[EventDate "2018.11.06"]
[WhiteElo "1660"]

1.d4 d5 2.Nf3 e6 3.Bf4 Nf6 4.e3 Bd6 5.Bxd6 cxd6 6.Bd3 Nc6 7.c3 Bd7 8.b4 Rc8  9.a4 O-O 10.Nbd2 Re8 11.Ng5 e5 12.Bxh7+ Nxh7 13.Nxh7 Kxh7 14.Qh5+ Kg8 15.Nf3  Qf6 16.Ng5 Qg6 17.Qh4 exd4 18.cxd4 Nxb4 19.O-O Rf8 20.f4 Rc2 21.g4 f5 22.gxf5  Qxf5 23.h3 Rf6 24.Rf3 Rh6 25.Qe1 a5 26.Ra3 b6 27.Rc3 Rxc3 28.Qxc3 Qc2 29.Qe1  Nd3 30.Qg3 Bxa4 31.f5 Bd7 32.f6 Rxf6 33.Rxf6 gxf6 34.Ne4+ Kf7 35.Qxd6 Qd1+  36.Kg2 Bxh3+ 37.Kxh3 Qh1+ 38.Kg4 Qxe4+ 39.Kh5 Qf5+ 40.Kh4 Qg5+ 41.Kh3 Qxe3+  0-1

[Event "Feuille d'Erable (-1600)"]
[Site "Gatineau"]
[Date "2018.11.06"]
[Round "3"]
[White "Bourbonnais Luc"]
[Black "Dupont-Mageau Nicolas"]
[Result "0-1"]
[BlackElo "1500"]
[EventDate "2018.11.06"]
[WhiteElo "1392"]

1.e4 c5 2.Nf3 e6 3.g3 Nc6 4.Bg2 d6 5.O-O Nf6 6.d3 Be7 7.Re1 e5 8.Nbd2 Bg4  9.Nf1 d5 10.Ne3 Bh5 11.exd5 Nxd5 12.Nxd5 Qxd5 13.Ng5 Qxg2+ 14.Kxg2 Bxd1  15.Rxd1 Rd8 16.Be3 h6 17.Ne4 b6 18.h4 f5 19.Nc3 Kf7 20.h5 Rd7 21.a3 Rhd8  22.f3 Bf6 23.Rd2 c4 24.Rad1 cxd3 25.Kf2 Ke6 26.cxd3 Na5 27.Ke2 f4 28.gxf4  exf4 29.Bxf4 Nb3 30.Rc2 Nd4+ 31.Kd2 Nxc2 32.Kxc2 Kf5 33.Be3 Bg5 0-1

[Event "Feuille d'Erable (-1600)"]
[Site "Gatineau"]
[Date "2018.11.06"]
[Round "3"]
[White "Sun Roy"]
[Black "Sabourin Yves"]
[Result "1/2-1/2"]
[BlackElo "1464"]
[EventDate "2018.11.06"]
[WhiteElo "1245"]

1.d4 Nf6 2.Nc3 g6 3.Bf4 c6 4.Be5 Bg7 5.e3 O-O 6.Qf3 d6 7.Bxf6 Bxf6 8.O-O-O  Be6 9.h4 h5 10.Be2 Qa5 11.a3 c5 12.Ne4 Bg7 13.Ng5 Nc6 14.d5 Bg4 15.Qe4 Qb6  16.c3 Bf5 17.Qa4 Ne5 18.e4 Bd7 19.Qc2 Ng4 20.N1h3 Qa5 21.Qd2 b5 22.f3 Ne5  23.g4 hxg4 24.fxg4 Nxg4 25.Rdg1 Nf6 26.Nf4 b4 27.cxb4 cxb4 28.Qxb4 Qxb4  29.axb4 Bh6 30.h5 Bxg5 31.Rxg5 Nh7 32.Rgg1 g5 33.Bd3 f6 34.Ng6 Rf7 35.h6 Nf8  36.e5 Nxg6 37.Bxg6 Rff8 38.exf6 exf6 39.Re1 Be8 40.Bf5 Bf7 41.Be6 Rae8  42.Rhf1 Bxe6 43.Rxe6 Rxe6 44.dxe6 Kh7 45.e7 Rc8+ 46.Kd2 Kxh6 47.Rxf6+ Kg7  48.Rxd6 Kf7 49.Rd7 Re8 50.Rxa7 Rxe7 51.Ra3 Ke8 52.Rg3 Rg7 53.Kc3 Kd7 54.Kc4  Kc6 55.b5+ Kb6 56.Kb4 Rg8 57.Rd3 g4 58.Rd6+ Kc7 59.Rc6+ Kb7 60.Ka5 g3 61.Rc1  Ra8+ 62.Kb4 Rg8 63.Rg1 g2 64.Ka5 Ra8+ 65.Kb4 Rg8 66.Ka5 Ra8+ 1/2-1/2

[Event "Feuille d'Erable (-1600)"]
[Site "Gatineau"]
[Date "2018.11.06"]
[Round "3"]
[White "Simard Paul"]
[Black "Berthiaume Serge"]
[Result "0-1"]
[BlackElo "1480"]
[EventDate "2018.11.06"]
[WhiteElo "1167"]

1.d4 d5 2.c4 e6 3.cxd5 exd5 4.Nc3 c6 5.Nf3 Bf5 6.g3 Na6 7.a3 Nc7 8.Bg2 Ne6  9.O-O Be7 10.b4 Ng5 11.Nxg5 Bxg5 12.Re1 Bxc1 13.Qxc1 Nf6 14.Qg5 Bg6 15.e4  dxe4 16.Bxe4 Kf8 17.Bg2 Qxd4 18.Qc5+ Qxc5 19.bxc5 Nd7 20.a4 Nxc5 21.Bf1 Ne6  22.Bc4 Nd4 23.Rf1 Nf3+ 24.Kg2 Nd2 25.Be2 Nxf1 26.Kxf1 Rd8 27.Bg4 f6 28.Be6  Bf7 29.Bf5 Bc4+ 30.Kg2 Kf7 31.Re1 Rhe8 32.Rxe8 Rxe8 33.Bxh7 g6 34.h4 Kg7  35.Bxg6 Kxg6 36.g4 Re5 37.Nd1 Bd5+ 38.Kg3 Re1 39.Ne3 Ra1 40.h5+ Kh7 41.Kf4  Rxa4+ 42.Kf5 Be4+ 43.Kxf6 c5 44.g5 Ra6+ 45.Kf7 b5 46.Ng4 Bd5+ 47.Kf8 c4  48.Nf6+ Rxf6+ 49.gxf6 Kh6 50.f7 c3 51.Ke8 Bxf7+ 0-1

[Event "Feuille d'Erable (-1600)"]
[Site "Gatineau"]
[Date "2018.11.06"]
[Round "3"]
[White "Lecorre Joel"]
[Black "Arcand Pierre"]
[Result "1-0"]
[BlackElo "1175"]
[EventDate "2018.11.06"]
[WhiteElo "1505"]

1.e4 e5 2.Bc4 Nf6 3.d4 exd4 4.Nf3 h6 5.O-O Be7 6.e5 Ne4 7.Qxd4 Nc5 8.Nc3 O-O  9.Nd5 Nc6 10.Qg4 d6 11.Qg3 dxe5 12.Nxe5 Nxe5 13.Qxe5 Ne6 14.Qg3 c6 15.Nxe7+  Qxe7 16.Bxh6 Qf6 17.Bc1 Qd4 18.Bd3 Nc5 19.Be3 Qd5 20.Rfd1 Nxd3 21.Rxd3 Qe6  22.Rd6 Qg4 23.Qe5 f6 24.Qe7 Rb8 25.h3 Qg6 26.Kh2 Qxc2 27.Rd2 Qg6 28.Bxa7 Ra8  29.Bb6 Bf5 30.a4 Be4 31.f3 Bd5 32.a5 Rf7 33.Qb4 Rd7 34.Re1 Re8 35.Rde2 Rxe2  36.Rxe2 Qf7 37.Qc5 Be6 38.Qe3 Re7 39.b4 Bd5 1-0

[Event "Feuille d'Erable (45/30)"]
[Site "Gatineau"]
[Date "2018.11.06"]
[Round "3"]
[White "Cayen Jean-Philippe"]
[Black "Boutin Michel"]
[Result "1-0"]
[BlackElo "930"]
[EventDate "2018.11.06"]
[WhiteElo "1422"]

1.g3 e5 2.Bg2 Nf6 3.e3 Bd6 4.b3 O-O 5.Bb2 Re8 6.d3 Bb4+ 7.Bc3 Nc6 8.a3 Ba5  9.Ne2 b6 10.O-O d5 11.b4 Bxb4 12.Bxb4 a5 13.Bc3 Bg4 14.h3 Bh5 15.Bb2 g6 16.c4  Qd7 17.Qc2 Rad8 18.Nc1 d4 19.Re1 g5 20.Nb3 dxe3 21.Rxe3 Re7 22.Nc3 Na7  23.Rae1 Rde8 24.Ne4 Nxe4 25.Rxe4 a4 26.Nc1 f6 27.Na2 Bg6 28.R4e3 Bf5 29.Nc3  Bxh3 30.Qxa4 c6 31.Ne4 Bxg2 32.Nxf6+ Kg7 33.Nxd7 Rxd7 34.Kxg2 h5 35.Bxe5+ Kh6  36.Bf6 Rf8 37.Re6 h4 38.Be7+ Kh5 39.Bxf8 hxg3 40.f3 g4 41.R1e5+ Kh4 42.Rh6#  1-0

[Event "Feuille d'Erable (45/30)"]
[Site "Gatineau"]
[Date "2018.11.06"]
[Round "3"]
[White "Lepine Louis"]
[Black "Masse-Garneau Anthony"]
[Result "0-1"]
[BlackElo "1563"]
[EventDate "2018.11.06"]
[WhiteElo "1025"]

1.d4 Nf6 2.Bf4 g6 3.e3 Bg7 4.f3 d5 5.Bd3 Nbd7 6.Nc3 a6 7.Nge2 c5 8.e4 c4  9.Bxc4 dxc4 10.e5 Nh5 11.Qd2 Nxf4 12.Nxf4 Nb6 13.O-O-O Bh6 14.g3 Bxf4 15.gxf4  Nd5 16.Rhg1 Qa5 17.a3 Nxc3 18.Qxc3 Qxc3 19.bxc3 Bf5 20.Rg5 f6 21.exf6 exf6  22.Rg2 Kf7 23.d5 Rhe8 24.Kb2 Re3 25.d6 Rd8 26.Rgd2 Rd7 27.Rd4 Ke6 28.Rd5 Rxf3  29.R5d4 Re3 30.Rxc4 Rxd6 31.Rxd6+ Kxd6 32.Rd4+ Ke7 33.c4 Re4 34.c3 Rxd4  35.cxd4 Kd6 36.Kb3 g5 37.fxg5 fxg5 38.Kb4 h5 39.d5 g4 40.c5+ Kxd5 0-1

[Event "Feuille d'Erable (45/30)"]
[Site "Gatineau"]
[Date "2018.11.06"]
[Round "3"]
[White "Celac Ecaterina"]
[Black "Legare Gilles"]
[Result "0-1"]
[BlackElo "1078"]
[EventDate "2018.11.06"]
[WhiteElo "1197"]

1.e4 e5 2.Nf3 Nc6 3.Nc3 Bc5 4.Bc4 d6 5.d3 Be6 6.Be3 Nf6 7.d4 Bxc4 8.d5 Bxe3  9.fxe3 Ne7 10.b3 Ba6 11.a4 b6 12.b4 Bb7 13.Qd3 Ng6 14.Qc4 O-O 15.Rd1 a6  16.O-O Bc8 17.Rf2 Ng4 18.Rff1 Nxe3 19.Qe2 Nxd1 20.Qxd1 Bg4 21.h3 0-1

[Event "Feuille d'Erable (45/30)"]
[Site "Gatineau"]
[Date "2018.11.06"]
[Round "3"]
[White "Traversy Pierre"]
[Black "Celac Jasmine"]
[Result "1-0"]
[BlackElo "834"]
[EventDate "2018.11.06"]
[WhiteElo "1095"]

1.d4 d5 2.Nc3 Nf6 3.Nf3 Nc6 4.a3 e5 5.Bg5 Ng4 6.Bxd8 Nxd8 7.Nxe5 Bd6 8.h3  Bxe5 9.dxe5 Nxe5 10.Qxd5 f6 11.Nb5 c6 12.Nc7+ Ke7 13.Qc5+ Kd7 14.Nxa8 Ne6  15.Qc3 Rd8 16.O-O-O+ Ke7 17.Rxd8 Kxd8 18.e3 h5 19.Bc4 h4 20.Bxe6 Bxe6 21.Qd4+  Ke7 22.Qa4 g5 23.f4 gxf4 24.exf4 Nd7 25.Qxa7 Bd5 26.Re1+ Kd6 27.b4 Be4  28.Qxb7 Bd5 29.Qc7# 1-0

[Event "Feuille d'Erable (Open)"]
[Site "Gatineau"]
[Date "2018.10.30"]
[Round "2"]
[White "Lemieux Richard"]
[Black "Desjardins Michel"]
[Result "1/2-1/2"]
[BlackElo "1967"]
[EventDate "2018.10.30"]
[WhiteElo "1610"]

1.e4 d5 2.exd5 Qxd5 3.Nc3 Qd6 4.Nf3 Nf6 5.d4 g6 6.Be2 Bg7 7.O-O O-O 8.Ne5 a6 9.Bf4 Nd5 10.Nxd5 Qxd5 11.Bc4 Qd8 12.c3 b5 13.Bb3 Bb7 14.Re1 Nd7 15.Nxf7 Rxf7 16.Bxf7+ Kxf7 17.Qb3+ Kf8 18.Qe6 Nf6 19.Rad1 Bd5 20.Qe5 Ne8 21.Qe3 Bxa2 22.Bh6 Bxh6 23.Qxh6+ Kg8 24.Re3 Nf6 25.Qg5 Qd5 26.Re5 Qd6 27.Rde1 Re8 28.f4 Bf7 29.f5 Kg7 30.fxg6 hxg6 31.h4 b4 32.g4 Qd7 33.h5 Qxg4+ 34.Qxg4 Nxg4 35.Rxe7 Rxe7 36.Rxe7 bxc3 37.bxc3 gxh5 38.Rxc7 Ne3 39.Ra7 Nd5 40.c4 Nb4 41.d5 Kf6 42.Rb7 Nxd5 1/2-1/2

[Event "Feuille d'Erable (Open)"]
[Site "Gatineau"]
[Date "2018.10.30"]
[Round "2"]
[White "Azar Sebastien"]
[Black "Bastien Andre"]
[Result "0-1"]
[BlackElo "1815"]
[EventDate "2018.10.30"]
[WhiteElo "1766"]

1.e4 d5 2.exd5 Qxd5 3.Nc3 Qa5 4.d4 Nf6 5.Nf3 c6 6.Bc4 Bf5 7.Bd2 e6 8.d5 Bc5  9.O-O cxd5 10.Nxd5 Qd8 11.Nxf6+ gxf6 12.Bf4 Nc6 13.Qxd8+ Rxd8 14.Bb5 Rg8  15.Rfd1 Be4 16.Ne1 Ke7 17.c3 a6 18.Bf1 e5 19.Bg3 f5 20.Bc4 Rg4 21.Rxd8 Kxd8  22.Rd1+ Ke8 23.Kh1 Bxg2+ 24.Nxg2 Rxc4 25.f4 f6 26.h4 Ke7 27.Rf1 Ke6 28.Bf2  Bxf2 29.Rxf2 Re4 30.b3 Ne7 31.fxe5 fxe5 32.Kh2 Nd5 33.c4 Ne3 34.Nxe3 Rxe3  35.Rg2 Kf6 36.Rd2 Ke6 37.c5 f4 38.Rd6+ Kf5 39.Rd7 h5 40.Rxb7 Rc3 41.b4 e4  42.Kg2 Rc2+ 43.Kf1 Kg4 44.Rd7 Kf3 45.Rd1 e3 46.Re1 e2+ 47.Kg1 Ke3 0-1

[Event "Feuille d'Erable (Open)"]
[Site "Gatineau"]
[Date "2018.10.30"]
[Round "2"]
[White "Jobin Gilles G."]
[Black "Latreille Etienne"]
[Result "0-1"]
[BlackElo "1478"]
[EventDate "2018.10.30"]
[WhiteElo "1822"]

1.e4 d5 2.Nc3 dxe4 3.Nxe4 Bf5 4.Ng3 Bg6 5.d4 e6 6.Nf3 Bd6 7.c4 c6 8.Bd2 Nf6  9.Ne5 Nbd7 10.Bc3 Qc7 11.f4 Rd8 12.Qf3 c5 13.Nxg6 hxg6 14.dxc5 Bxf4 15.Ne4 (  15.Ne2 Ne5 16.Bxe5 Bd2+ 17.Kd1 Qxe5 $19 ) 15...Nxe4 16.Qxe4 Nxc5 17.Qf3 Bg3+  18.hxg3 Rxh1 19.Kf2 Nd3+ 20.Bxd3 Rxa1 21.Bxg7 Qc5+ 22.Ke2 Qg1 23.Bc3 Qd1+  { Une belle raclée ! GGJ } 0-1

[Event "Feuille d'Erable (Open)"]
[Site "Gatineau"]
[Date "2018.10.30"]
[Round "2"]
[White "Lavergne Daniel"]
[Black "Thibault Mario"]
[Result "0-1"]
[BlackElo "1840"]
[EventDate "2018.10.30"]
[WhiteElo "1633"]

1.e4 c5 2.Nf3 g6 3.d4 cxd4 4.Qxd4 Nf6 5.e5 Nc6 6.Qd1 Nxe5 7.Nxe5 Qa5+ 8.Nc3  Qxe5+ 9.Be2 Bg7 10.Be3 O-O 11.Qd2 d6 12.f3 Be6 13.O-O-O Nd5 14.Bd4 Qxd4  15.Qxd4 Bxd4 16.Rxd4 Nxc3 17.bxc3 Rfc8 0-1

[Event "Feuille d'Erable (Open)"]
[Site "Gatineau"]
[Date "2018.10.30"]
[Round "2"]
[White "Rioux Jocelyn"]
[Black "Danilov Alex"]
[Result "1/2-1/2"]
[BlackElo "1669"]
[EventDate "2018.10.30"]
[WhiteElo "1665"]

1.e4 c5 2.Nf3 e6 3.d4 cxd4 4.Nxd4 Nc6 5.Nc3 Qc7 6.Nxc6 bxc6 7.Bd3 Ne7 8.O-O  Ng6 9.Be3 Bd6 10.h3 O-O 11.Ne2 Ne5 12.Kh1 c5 13.Ng1 Bb7 14.c3 a5 15.Nf3 Nxf3  16.gxf3 Bf4 17.Qd2 e5 18.Bc4 Kh8 19.Bxf4 exf4 20.Bd5 Qd6 21.Rad1 Bxd5 22.Qxd5  Qh6 23.Qxd7 f5 24.Kh2 fxe4 25.fxe4 f3 26.Qd6 Qh4 27.Rde1 Rad8 28.Qxc5 Qf4+  29.Kh1 Rd2 30.Qxa5 Qh4 31.Qe5 Rxf2 32.Rxf2 Qxf2 33.Rg1 Rg8 34.Qg3 Qa7 35.Qxf3  Qxa2 36.b4 Qc4 37.Qe3 Rd8 38.Qf3 Rd3 39.Qf8+ Qg8 40.Qxg8+ Kxg8 41.Kh2 Rxc3  42.Rg4 Kf7 43.b5 Rb3 44.Rg5 g6 45.Rd5 Ke6 46.Kg2 Re3 47.Rd4 Rb3 48.Rd5 h6  49.Rc5 g5 50.Rc6+ Ke5 51.Rxh6 Rxb5 52.Kf3 Rb3+ 53.Kg4 Kxe4 54.Kxg5 Rg3+  55.Kh4 Rg1 56.Kh5 Kf5 57.Rh8 Kf6 58.h4 Kg7 59.Rh6 Rg2 60.Ra6 Kh7 61.Ra7+ Rg7  62.Rxg7+ Kxg7 63.Kg5 Kh7 64.h5 Kg7 65.h6+ Kh7 66.Kh5 Kh8 67.Kg6 Kg8 1/2-1/2

[Event "Feuille d'Erable (Open)"]
[Site "Gatineau"]
[Date "2018.10.30"]
[Round "2"]
[White "Raymond Daniel"]
[Black "Laurin Marcel"]
[Result "1-0"]
[BlackElo "1660"]
[EventDate "2018.10.30"]
[WhiteElo "1769"]

1.e4 e5 2.Nf3 Nc6 3.Bb5 a6 4.Ba4 Bc5 5.c3 d6 6.d4 exd4 7.cxd4 Bb4+ 8.Bd2  Bxd2+ 9.Nbxd2 Bg4 10.Qc2 Bd7 11.Rc1 b5 12.Bb3 Rc8 13.O-O Na5 14.e5 Nh6  15.exd6 O-O 16.dxc7 Qf6 17.Bd5 Rfe8 18.b4 Qd6 19.Qc5 Qg6 20.Ne5 Rxe5 21.dxe5  Bh3 22.bxa5 Nf5 23.Kh1 Qg5 24.gxh3 Qxd2 25.Bb7 Qf4 26.Qd5 1-0

[Event "Feuille d'Erable (-1600)"]
[Site "Gatineau"]
[Date "2018.10.30"]
[Round "2"]
[White "Dupont-Mageau Nicolas"]
[Black "Fex John"]
[Result "1-0"]
[BlackElo "1384"]
[EventDate "2018.10.30"]
[WhiteElo "1500"]

1.e4 e5 2.Nf3 Nc6 3.Bb5 Nf6 4.O-O a6 5.Ba4 b5 6.Bb3 d5 7.exd5 Nxd5 8.Re1 Bg4  9.Nxe5 Nxe5 10.Rxe5+ Be6 11.Bxd5 Qd6 12.Rxe6+ fxe6 13.Bxa8 Be7 14.Be4 O-O  15.Qh5 g6 16.Qh6 Qd4 17.Qe3 Qe5 18.Bf3 Qf5 19.Qe4 Qf6 20.c3 Bd6 21.d4 g5  22.Qg4 h6 23.h4 Kh8 24.hxg5 Qe7 25.g6 Kg7 26.Be4 Rf6 27.Bxh6+ Kg8 28.Bg5 Kg7  29.Qh4 1-0

[Event "Feuille d'Erable (-1600)"]
[Site "Gatineau"]
[Date "2018.10.30"]
[Round "2"]
[White "Iyamuremye Gervais"]
[Black "Simard Paul"]
[Result "1-0"]
[BlackElo "1167"]
[EventDate "2018.10.30"]
[WhiteElo "1472"]

1.e4 e5 2.Nf3 d6 3.h3 Be7 4.b3 Nf6 5.Nc3 O-O 6.Bb2 c6 7.Be2 b5 8.a3 Nbd7  9.O-O a5 10.d3 Bb7 11.Nh2 Nc5 12.f4 exf4 13.Rxf4 Ne6 14.Rf1 Nd4 15.Na2 Qb6  16.Kh1 Nxe2 17.Qxe2 Rae8 18.Ng4 Nxg4 19.Qxg4 f6 20.Nc1 Qe3 21.Ne2 Bc8 22.Qf3  Qxf3 23.Rxf3 Rd8 24.Nd4 Bd7 25.Nf5 Bxf5 26.exf5 d5 27.a4 b4 28.Re1 Bc5 29.Re6  Bd6 30.Rfe3 Bf4 31.Re2 Rd6 32.Bd4 Rdd8 33.Rxc6 Rde8 34.Ree6 Rc8 35.Bc5 Rxc6  36.Rxc6 Re8 37.Re6 Kf7 38.Rxe8 Kxe8 39.Bb6 Bd2 40.Bxa5 Kd7 41.Bb6 Kd6 42.Kg1  Kc6 43.Bd4 Bc3 44.Bxc3 bxc3 45.Kf2 Kc5 46.Ke2 Kd4 47.b4 1-0

[Event "Feuille d'Erable (-1600)"]
[Site "Gatineau"]
[Date "2018.10.30"]
[Round "2"]
[White "Lebel Benoit"]
[Black "Berthiaume Serge"]
[Result "0-1"]
[BlackElo "1480"]
[EventDate "2018.10.30"]
[WhiteElo "1121"]

1.e4 c5 2.Nf3 Nc6 3.Bb5 g6 4.Nc3 Bg7 5.a3 Nd4 6.Bc4 e6 7.d3 a6 8.O-O Ne7  9.Bg5 h6 10.Bf4 Nec6 11.Nxd4 cxd4 12.Ne2 e5 13.Bg3 d6 14.c3 Be6 15.Bxe6 fxe6  16.f4 O-O 17.fxe5 dxe5 18.c4 Qe7 19.Kh1 Rxf1+ 20.Qxf1 Rf8 21.Qd1 Bf6 22.Ng1  Nd8 23.Nf3 Nf7 24.Kg1 Ng5 25.Ne1 Bg7 26.h4 Nh7 27.Nf3 Nf6 28.Bxe5 Ng4 29.Bxg7  Qxg7 30.Nxd4 Qxd4+ 31.Kh1 Nf2+ 0-1

[Event "Feuille d'Erable (-1600)"]
[Site "Gatineau"]
[Date "2018.10.30"]
[Round "2"]
[White "Raymond Robert"]
[Black "Pearce Thomas"]
[Result "1/2-1/2"]
[BlackElo "1521"]
[EventDate "2018.10.30"]
[WhiteElo "1261"]

1.e4 e6 2.d3 Nc6 3.Nf3 Bc5 4.Be2 b5 5.O-O Bb7 6.c3 Nge7 7.d4 Bb6 8.Be3 a6  9.Nbd2 d5 10.e5 O-O 11.Bf4 Nf5 12.Bd3 Nce7 13.Bg5 Qd7 14.Bxe7 Nxe7 15.Bf5  exf5 16.Re1 c5 17.Nf1 Rac8 18.Rc1 Rc6 19.Ng3 Bc8 20.Qd3 g6 21.Qd2 Bd8 22.Ne2  g5 23.Kh1 Rg6 24.Nfg1 f4 25.g3 fxg3 26.fxg3 h5 27.Rf1 f6 28.Qc2 Kg7 29.Rf2  fxe5 30.Rxf8 Kxf8 31.Rf1+ Kg8 32.Nf3 e4 33.Ne5 Rf6 34.Qc1  { et je suis incapable de reconstituer le reste de la partie. } 1/2-1/2

[Event "Feuille d'Erable (-1600)"]
[Site "Gatineau"]
[Date "2018.10.30"]
[Round "2"]
[White "Arcand Pierre"]
[Black "Sabourin Yves"]
[Result "0-1"]
[BlackElo "1464"]
[EventDate "2018.10.30"]
[WhiteElo "1175"]

1.e4 e5 2.Nf3 Nf6 3.Nc3 Nc6 4.Bb5 Bb4 5.d3 d6 6.h3 Bd7 7.Bd2 Qe7 8.a3 Bc5  9.O-O a6 10.Bxc6 Bxc6 11.Bg5 h6 12.Bh4 g5 13.Bg3 O-O-O 14.Re1 g4 15.hxg4 Nxg4  16.Nh2 Nxh2 17.Bxh2 Rdg8 18.Kf1 Qg5 19.g3 f5 20.exf5 Qxf5 21.Ne4 Bxe4 22.Qd2  Qh3+ 23.Ke2 Bf3+ 24.Kxf3 Rf8+ 25.Ke4 Qg2+ 26.f3 Qxf3# 0-1

[Event "Feuille d'Erable (45/30)"]
[Site "Gatineau"]
[Date "2018.10.30"]
[Round "2"]
[White "Legare Gilles"]
[Black "Cayen Jean-Philippe"]
[Result "0-1"]
[BlackElo "1422"]
[EventDate "2018.10.30"]
[WhiteElo "1078"]

1.e4 g6 2.Nc3 Bg7 3.Bc4 e6 4.Nf3 b6 5.a3 Bb7 6.d3 Ne7 7.Bd2 d5 8.Bb3 dxe4  9.dxe4 O-O 10.O-O Bxc3 11.bxc3 Bxe4 12.Qe2 Bxf3 13.Qxf3 Nbc6 14.Be3 Ne5  15.Qg3 N7c6 16.Rac1 Qe7 17.Bg5 f6 18.Be3 Rad8 19.Ra1 a6 20.Qh3 Rd6 21.Rad1  Rfd8 22.Rxd6 Rxd6 23.Qg3 Na5 24.Ba2 Nec4 25.Bc1 Kg7 26.h4 h5 27.Kh2 e5 28.Qf3  Nd2 29.Bxd2 Rxd2 30.Qa8 Rd8 31.Qe4 Qxa3 32.Bd5 Qxc3 33.g4 hxg4 34.f3 Qd4  35.Rg1 Rxd5 36.Rxg4 Qxe4 37.fxe4 Rd2+ 38.Kg3 Rxc2 0-1

[Event "Feuille d'Erable (45/30)"]
[Site "Gatineau"]
[Date "2018.10.30"]
[Round "2"]
[White "Celac Ecaterina"]
[Black "Traversy Pierre"]
[Result "0-1"]
[BlackElo "1095"]
[EventDate "2018.10.30"]
[WhiteElo "1197"]

1.e4 d6 2.d4 e6 3.Nc3 c6 4.d5 e5 5.Nf3 Bg4 6.Be2 Nf6 7.Ng5 Bxe2 8.Kxe2 h6  9.Nf3 Nbd7 10.Re1 Nc5 11.Kf1 Ncd7 12.b4 Qc8 13.Qd3 Be7 14.Nh4 Rg8 15.Nf5 Ng4  16.Nxe7 Kxe7 17.h3 Ngf6 18.dxc6 bxc6 19.Rd1 Ne8 20.b5 Ndf6 21.a4 Rb8 22.Rb1  Qc7 23.Ba3 Rd8 24.g3 c5 25.Rd2 g5 26.Rbd1 Rg6 27.Nd5+ Nxd5 28.Qxd5 Re6 29.Qc6  Qxc6 30.bxc6 Nc7 31.Bxc5 a6 32.Bb4 Rc8 33.Ba5 Na8 34.c7 Nxc7 35.Bb4 Ne8 36.c3  Rc6 37.h4 f6 38.Ke2 h5 39.Kd3 g4 40.c4 f5 41.c5 fxe4+ 42.Kxe4 Rf6 43.cxd6+  Kd7 44.Kxe5 Re6+ 45.Kf5 Rc4 46.Rd4 Rc2 47.Be1 Rce2 48.Bc3 Rxf2+ 49.Kg5 Rff6  50.Rd5 Rg6+ 51.Kxh5 Rh6+ 52.Kxg4 Nf6+ 53.Kg5 Nxd5 54.Rxd5 Reg6+ 55.Kf5 Rxg3  56.Be5 Rf3+ 57.Bf4 Rh3 58.Bg5 Rf3+ 59.Bf4 Rh8 60.Rc5 Rf1 61.Rc7+ Ke8 62.d7+  Kd8 63.Ke6 Re1+ 64.Be5 Rxe5+ 65.Kxe5 Kxc7 66.Ke6 Rh6+ 67.Kd5 Kxd7 68.Kc5 Kc7  69.Kb4 Rxh4+ 70.Ka5 Kc6 71.Kxa6 Rxa4# 0-1

[Event "Feuille d'Erable (Open)"]
[Site "Gatineau"]
[Date "2018.10.23"]
[Round "1"]
[White "Desjardins Michel"]
[Black "Azar Sebastien"]
[Result "1-0"]
[BlackElo "1766"]
[EventDate "2018.10.23"]
[WhiteElo "1967"]

1.e4 d6 2.d4 g6 3.Nc3 Bg7 4.Be3 Nd7 5.Qd2 Ngf6 6.Bh6 O-O 7.h4 e5 8.Bxg7 Kxg7  9.d5 Nc5 10.f3 h5 11.O-O-O a5 12.Be2 a4 13.a3 Bd7 14.Nh3 Rb8 15.Nf2 b5 16.Na2  Rb6 17.Nb4 Qe7 18.Kb1 Na6 19.Nxa6 Rxa6 20.g4 Rb6 21.c3 Rc8 22.Qg5 hxg4  23.fxg4 Ng8 24.Qe3 c5 25.dxc6 Rcxc6 26.g5 Qf8 27.h5 Ne7 28.Bg4 Qc8 29.Qf3 d5  30.h6+ ( 30.hxg6 { est plus rapide. } 30...Rxg6 31.Rh7+ Kxh7 32.Qxf7+ Kh8  33.Rh1+ Rh6 34.Rxh6+ Rxh6 35.gxh6 Qg8 36.Qf6+ Kh7 37.Bxd7 ) 30...Kg8 31.h7+  Kh8 32.exd5 Rc4 33.Bxd7 Qxd7 34.Qxf7 Qf5+ 35.Qxf5 Nxf5 36.Rde1 Rc7 37.Rxe5  Rxh7 38.Rxh7+ Kxh7 39.Ne4 Kg7 40.Kc2 Ne3+ 41.Kc1 Nf5 42.Kd2 Ra6 43.Ke2 Rb6  44.d6 Rb8 45.d7 Kf8 46.Rxb5 Rd8 47.Nf6 Ke7 48.Re5+ Kd6 49.Re8 Rxd7 50.Nxd7  Kxd7 51.Ra8 Ng3+ 52.Kf3 Nf1 53.Rxa4 Nd2+ 54.Ke3 Nf1+ 55.Kd4 1-0

[Event "Feuille d'Erable (Open)"]
[Site "Gatineau"]
[Date "2018.10.23"]
[Round "1"]
[White "Danilov Alex"]
[Black "Gagnon Fabien"]
[Result "1/2-1/2"]
[BlackElo "1892"]
[EventDate "2018.10.23"]
[WhiteElo "1669"]

1.Nf3 Nf6 2.c4 g6 3.Nc3 Bg7 4.b3 O-O 5.Bb2 c6 6.e3 d5 7.d4 Nbd7 8.Qc2 Re8  9.Be2 b6 10.O-O Bb7 11.Rad1 Rc8 12.Qb1 Qc7 13.Rc1 Qb8 14.Ba3 e5 15.cxd5 Nxd5  16.Nxd5 cxd5 17.Bb5 Rxc1 18.Rxc1 Qd8 19.dxe5 Bxe5 20.Nxe5 Rxe5 21.Bd6 Re6  22.Bg3 Nc5 23.b4 Ne4 24.Qb2 Nxg3 25.hxg3 d4 26.exd4 Qd5 27.Bf1 Re4 28.Rd1 h5  29.Qc3 Re6 30.Qc4 Qd7 31.a3 Qa4 32.Ra1 Qd7 33.Rd1 Qa4 34.Ra1 1/2-1/2

[Event "Feuille d'Erable (Open)"]
[Site "Gatineau"]
[Date "2018.10.23"]
[Round "1"]
[White "Thibault Mario"]
[Black "Rioux Jocelyn"]
[Result "1/2-1/2"]
[BlackElo "1665"]
[EventDate "2018.10.23"]
[WhiteElo "1840"]

1.e4 e6 2.f4 d5 3.e5 c5 4.Nf3 Nc6 5.c3 c4 6.d3 cxd3 7.Bxd3 Bc5 8.Qe2 Nh6 9.b4  Bb6 10.h3 O-O 11.a4 a6 12.Na3 Qc7 13.Bd2 Bd7 14.Nc2 f6 15.Ncd4 fxe5 16.fxe5  Nxd4 17.cxd4 Nf5 18.Bxf5 Rxf5 19.Qd3 Raf8 20.Ke2 Qc4 21.Rhc1 Qxd3+ 22.Kxd3  Rxf3+ 23.gxf3 Rxf3+ 24.Be3 Rxh3 25.Rf1 Bd8 26.Ke2 Be7 27.Rac1 Rxe3+ 28.Kxe3  Bg5+ 29.Kf3 Bxc1 30.Rxc1 Bxa4 31.Rc8+ Kf7 32.Rc7+ Kg6 33.Rxb7 Bb5 34.Re7 Kf5  35.Rxg7 h5 36.Rf7+ Kg5 37.Rf6 Bd7 38.Rf7 Bb5 1/2-1/2

[Event "Feuille d'Erable (Open)"]
[Site "Gatineau"]
[Date "2018.10.23"]
[Round "1"]
[White "Laurin Marcel"]
[Black "Jobin Gilles G."]
[Result "1/2-1/2"]
[BlackElo "1822"]
[EventDate "2018.10.23"]
[WhiteElo "1660"]

1.d4 d6 2.e4 Nf6 3.Nc3 e5 4.dxe5 dxe5 5.Qxd8+ Kxd8 6.Bg5 c6 7.O-O-O+ Kc7  8.Bc4 Be6 9.Bxe6 fxe6 10.f4 Bd6 $2 ( 10...Nbd7 $10 ) 11.Nf3 Nfd7 12.fxe5 Nxe5  13.Nd4 { est excellent. Les Blancs ont probablement une position gagnante. }  ( 13.Nxe5 Bxe5 14.Rhf1 { et Stockfish évalue la position à 1.8 } ) 13...Nf7  14.Nxe6+ $18 Kd7 15.Nxg7 Rg8 16.Bf6 Kc8 17.Nf5 { +3.0 Stockfish. } 17...Bf4+  18.Kb1 Kc7 19.g3 Be5 20.Bh4 Nd7 21.Rhf1 Nd8 22.Ne3 Bxc3 23.bxc3 Ne5 24.Rf5  Ndf7 25.h3  { Avec ce coup, les Blancs ont encore un très large avantage. Leur but  était d'activer le F vers g3. } ( 25.Rdf1 $1 { et après } 25...b5 26.Rxf7+  Nxf7 27.Rxf7+ Kb6 28.Bf6 { les Noirs peuvent abandonner. } ) 25...Rae8 26.g4  Nd6 27.Rh5 ( 27.Rxd6 $1 Kxd6 28.Bg3 b5 29.g5 { suivi de Cg4. } ) 27...Nxe4  28.Rxh7+ Kb6 29.Kb2 Nc5 30.Rb1 ( 30.Rd4 $1 { est meilleur. } 30...Nf3 31.Rb4+  Ka6 32.Be7 ) 30...Ka6 31.Ka1 Ng6 32.Bf2 Rh8 33.Rxh8 Rxh8 34.Nc4 $2 ( 34.Rh1  { était nécessaire pour conserver un avantage. } ) 34...Ne4 35.Bd4 Rxh3  36.Rb3 $4  { et les Noirs prendront maintenant un certain avantage : -0.7 Stockfish. }  ( 36.Ne5 Nf4 37.Rf1 $14 ) 36...c5 37.Ra3+ Kb5 38.Nd6+ Nxd6 39.c4+ Nxc4  40.Rxh3 cxd4 41.Rh5+ Kc6  { et ici j'ai proposé la nulle dans une position où ce sont les Noirs qui  ont toutes les chances de gagner. GGJ} 1/2-1/2